[Event "POL-chT 69th"]
[Site "Poland"]
[Date "2013.09.14"]
[Round "8.5"]
[White "Jakubiec, Artur"]
[Black "Oliwa, Marek"]
[Result "1/2-1/2"]
[WhiteElo "2531"]
[BlackElo "2415"]
[PlyCount "57"]
[EventDate "2013.05.24"]
[EventType "team-tourn"]
[EventRounds "9"]
[EventCountry "POL"]
[SourceTitle "EXT 2014"]
[Source "ChessBase"]
[SourceDate "2013.11.20"]
[SourceVersion "1"]
[SourceVersionDate "2013.11.20"]
[SourceQuality "1"]
[WhiteTeam "Krakow TKKF Drogowiec"]
[BlackTeam "Kozuchow Odrodzenie"]
[WhiteTeamCountry "POL"]
[BlackTeamCountry "POL"]

1. g3 Nf6 2. Bg2 d5 3. f4 c5 4. Nf3 Nc6 5. 0-0 e6 6. d3 Be7 7. Nc3 0-0 8. e4 b6 9. Ne5 Bb7 10. Nxc6 Bxc6 11. Qe2 Qc7 12. g4 dxe4 13. dxe4 Qb7 14. g5 Nd7 15. a4 a6 16. f5 exf5 17. exf5 c4 18. Bxc6 Bc5+ 19. Kg2 Qxc6+ 20. Qe4 Qxe4+ 21. Nxe4 Rfe8 22. Ng3 Ne5 23. Bf4 Ng4 24. Kh3 Nf2+ 25. Kg2 Ng4 26. Kh3 Nf2+ 27. Kg2 Ng4 28. Kh3 Nf2+ 29. Kg2 1/2-1/2

[Event "POL-chT 69th"]
[Site "Poland"]
[Date "2013.09.01"]
[Round "6.5"]
[White "Heberla, Bartlomiej"]
[Black "Oliwa, Marek"]
[Result "1-0"]
[WhiteElo "2562"]
[BlackElo "2415"]
[PlyCount "119"]
[EventDate "2013.05.24"]
[EventType "team-tourn"]
[EventRounds "9"]
[EventCountry "POL"]
[SourceTitle "EXT 2014"]
[Source "ChessBase"]
[SourceDate "2013.11.20"]
[SourceVersion "1"]
[SourceVersionDate "2013.11.20"]
[SourceQuality "1"]
[WhiteTeam "Znin Baszta"]
[BlackTeam "Kozuchow Odrodzenie"]
[WhiteTeamCountry "POL"]
[BlackTeamCountry "POL"]

1. e4 e5 2. Nf3 Nc6 3. Bc4 Be7 4. d4 d6 5. d5 Nb8 6. Bd3 Nf6 7. c4 0-0 8. Nc3 Na6 9. 0-0 Nc5 10. Bc2 a5 11. Be3 b6 12. a3 Bg4 13. h3 Bh5 14. b4 Ncd7 15. Qe2 Ne8 16. Ba4 Nb8 17. g4 Bg6 18. c5 h5 19. c6 hxg4 20. hxg4 Na6 21. Rab1 axb4 22. axb4 Nf6 23. Nd2 Nh7 24. Bb5 Qc8 25. Nc4 Ng5 26. f3 Nh3+ 27. Kg2 Nf4+ 28. Bxf4 exf4 29. Qd3 Re8 30. Ne2 Bg5 31. Nd2 Re5 32. Qc4 Nb8 33. Ra1 Rxa1 34. Rxa1 Re8 35. Ra7 Qd8 36. Qd4 Bf6 37. Qf2 Bh4 38. Qd4 Be1 39. Nxf4 Qg5 40. Nxg6 Bxd2 41. Rxc7 Be3 42. Qc3 Bd2 43. Qd4 Be3 44. Ne7+ Rxe7 45. Rc8+ Kh7 46. Qd1 Nxc6 47. Qh1+ Kg6 48. Qh5+ Qxh5 49. gxh5+ Kxh5 50. dxc6 Kg5 51. Bc4 Kf6 52. Rf8 g5 53. Bxf7 Kg7 54. Rb8 Kxf7 55. Rb7 d5 56. c7 Rxc7 57. Rxc7+ Ke6 58. exd5+ Kxd5 59. Kh3 Bf4 60. Rc8 1-0

[Event "POL-chT"]
[Site "Wroclaw"]
[Date "2011.05.07"]
[Round "2.5"]
[White "Oliwa, Marek"]
[Black "Heberla, Bartlomiej"]
[Result "1/2-1/2"]
[WhiteElo "2414"]
[BlackElo "2535"]
[PlyCount "44"]
[EventDate "2011.05.06"]
[EventType "team-tourn"]
[EventRounds "9"]
[EventCountry "POL"]
[SourceTitle "EXT 2012"]
[Source "ChessBase"]
[SourceDate "2011.11.24"]
[SourceVersion "1"]
[SourceVersionDate "2011.11.24"]
[SourceQuality "1"]
[WhiteTeam "Kozuchow Odrodzenie"]
[BlackTeam "Katowice"]
[WhiteTeamCountry "POL"]
[BlackTeamCountry "POL"]

1. d4 Nf6 2. Nf3 g6 3. Bg5 Bg7 4. Nbd2 c5 5. Bxf6 Bxf6 6. Ne4 Bxd4 7. Nxd4 cxd4 8. Qxd4 0-0 9. 0-0-0 Nc6 10. Qd2 d5 11. Qxd5 Qc7 12. Qc5 b6 13. Qc3 Qf4+ 14. Qe3 Qxe3+ 15. fxe3 Bb7 16. Nc3 Ne5 17. Rd4 Rfc8 18. Rg1 Nc4 19. Rd3 Ne5 20. Rd4 Nc4 21. Rd3 Ne5 22. Rd4 Nc4 1/2-1/2

[Event "POL-chT 1st League"]
[Site "Katowice"]
[Date "2010.09.10"]
[Round "7"]
[White "Oliwa, Marek"]
[Black "Swicarz, Maciej"]
[Result "1-0"]
[WhiteElo "2418"]
[BlackElo "2306"]
[PlyCount "71"]
[EventDate "2010.09.04"]
[EventType "team-tourn"]
[EventRounds "9"]
[EventCountry "POL"]
[SourceTitle "EXT 2019"]
[Source "ChessBase"]
[SourceDate "2018.10.10"]
[SourceVersion "1"]
[SourceVersionDate "2018.10.10"]
[SourceQuality "1"]
[WhiteTeam "Kozuchow Odrodzenie"]
[BlackTeam "Wroclaw AZS Politechnika"]
[WhiteTeamCountry "POL"]
[BlackTeamCountry "POL"]

1. Nf3 d5 2. c4 c6 3. b3 Bg4 4. Bb2 e6 5. g3 Bxf3 6. exf3 Nf6 7. Bg2 Be7 8. 0-0 0-0 9. f4 Qb6 10. Qc2 d4 11. d3 a5 12. Nd2 Na6 13. a3 Rfd8 14. Nf3 Nc5 15. Nd2 Na6 16. Rab1 Bc5 17. Rfe1 Qc7 18. Nf3 Qd6 19. Ra1 Qc7 20. Bc1 Qd6 21. Qb2 Bb6 22. Bd2 c5 23. f5 exf5 24. Nh4 g6 25. Bxb7 Ra7 26. Bf3 Re8 27. Bf4 Qf8 28. Qd2 Re6 29. Bh6 Qc8 30. Bd5 Rxe1+ 31. Rxe1 Rd7 32. Nxf5 Qd8 33. Bc6 Rc7 34. Qg5 Kh8 35. Qxf6+ Qxf6 36. Re8# 1-0

[Event "POL-chT 1st League"]
[Site "Katowice"]
[Date "2010.09.06"]
[Round "3"]
[White "Oliwa, Marek"]
[Black "Wandzik, Wojciech"]
[Result "1/2-1/2"]
[WhiteElo "2418"]
[BlackElo "2199"]
[PlyCount "127"]
[EventDate "2010.09.04"]
[EventType "team-tourn"]
[EventRounds "9"]
[EventCountry "POL"]
[SourceTitle "EXT 2019"]
[Source "ChessBase"]
[SourceDate "2018.10.10"]
[SourceVersion "1"]
[SourceVersionDate "2018.10.10"]
[SourceQuality "1"]
[WhiteTeam "Kozuchow Odrodzenie"]
[BlackTeam "Gliwice Politechnika Slaska"]
[WhiteTeamCountry "POL"]
[BlackTeamCountry "POL"]

1. d4 Nf6 2. Nf3 e6 3. e3 d5 4. Nbd2 c5 5. c3 Nc6 6. Bd3 Bd6 7. 0-0 0-0 8. Qe2 Qc7 9. dxc5 Bxc5 10. e4 dxe4 11. Nxe4 Be7 12. Re1 Rd8 13. Bc2 Na5 14. Bg5 Nd5 15. Rad1 b6 16. Bxe7 Qxe7 17. Neg5 h6 18. Qd3 g6 19. Nxf7 Qxf7 20. Ne5 Qf5 21. Qxf5 gxf5 22. c4 Bb7 23. cxd5 Bxd5 24. b3 Rac8 25. Bb1 Nc6 26. Ng6 Kf7 27. Nf4 Ne7 28. Bd3 Rd6 29. Nxd5 Nxd5 30. Bc4 Rcd8 31. g3 Kf6 32. f4 Nc7 33. Rxd6 Rxd6 34. a4 Rd2 35. Re2 Rxe2 36. Bxe2 Ke7 37. Kg2 Kd6 38. Kh3 Nd5 39. Kh4 Nf6 40. Bd3 a5 41. h3 Ke7 42. g4 Nd5 43. Kg3 fxg4 44. hxg4 Kf6 45. Bc4 Nc3 46. Kh4 Ne4 47. Bd3 Nc5 48. g5+ hxg5+ 49. fxg5+ Kf7 50. Bc4 Kg6 51. Kg4 e5 52. Bd5 e4 53. Kf4 Kg7 54. Bxe4 Nxb3 55. Ke5 Nc5 56. Bc2 Kf7 57. Kf5 Kg7 58. Ke5 Kf7 59. Kf5 Kg7 60. Kg4 Kf7 61. Kf4 Kg7 62. Bd1 Kf7 63. Ke5 Nb3 64. Kd5 1/2-1/2

[Event "Rewal op-A 15th"]
[Site "Rewal"]
[Date "2010.08.19"]
[Round "1"]
[White "Nasuta, Grzegorz"]
[Black "Oliwa, Marek"]
[Result "1/2-1/2"]
[WhiteElo "2102"]
[BlackElo "2418"]
[PlyCount "108"]
[EventDate "2010.08.19"]
[EventType "swiss"]
[EventRounds "9"]
[EventCountry "POL"]
[SourceTitle "EXT 2013"]
[Source "ChessBase"]
[SourceDate "2012.11.22"]
[SourceVersion "1"]
[SourceVersionDate "2012.11.22"]
[SourceQuality "1"]

1. e4 d6 2. d4 Nf6 3. Nc3 c6 4. f4 Qa5 5. Bd3 e5 6. dxe5 dxe5 7. Nf3 Bg4 8. fxe5 Nfd7 9. h3 Bxf3 10. gxf3 Nxe5 11. f4 Nxd3+ 12. cxd3 Nd7 13. Be3 Bc5 14. d4 Bb4 15. Qc2 f5 16. Bd2 fxe4 17. Qxe4+ Kf7 18. 0-0-0 Nf6 19. Qc2 Rhd8 20. Rhg1 Rxd4 21. Rg5 Qa6 22. Rdg1 Rg8 23. a3 Be7 24. Be3 Rc4 25. Kb1 Bxa3 26. Qb3 Be7 27. Rc1 b5 28. Nxb5 cxb5 29. Rxb5 Qxb5 30. Qxb5 Rb4 31. Qa6 Rgb8 32. Rc2 Nd5 33. Qa2 Rb3 34. Bxa7 R8b5 35. Bd4 Kg6 36. Rg2+ Kf5 37. Qa7 Bf6 38. Qd7+ Ke4 39. Bxf6 gxf6 40. Qe6+ Kd4 41. Rd2+ Rd3 42. Rxd3+ Kxd3 43. Qf5+ Kd4 44. Qxh7 Nxf4 45. Qh4 Ke4 46. Qe1+ Kd5 47. Qd2+ Ke4 48. Qc3 Rh5 49. Qxf6 Rxh3 50. b4 Rf3 51. Qc6+ Nd5 52. Kb2 Ke5 53. Qe8+ Kd4 54. b5 Rf6 1/2-1/2

[Event "POL-chT 65th"]
[Site "Lublin"]
[Date "2009.09.15"]
[Round "4.10"]
[White "Leniart, Arkadiusz"]
[Black "Oliwa, Marek"]
[Result "1/2-1/2"]
[WhiteElo "2424"]
[BlackElo "2418"]
[PlyCount "60"]
[EventDate "2009.09.12"]
[EventType "team-tourn"]
[EventRounds "9"]
[EventCountry "POL"]
[SourceTitle "EXT 2019"]
[Source "ChessBase"]
[SourceDate "2018.10.10"]
[SourceVersion "1"]
[SourceVersionDate "2018.10.10"]
[SourceQuality "1"]
[WhiteTeam "Wroclaw Polonia"]
[BlackTeam "Kozuchow Odrodzenie"]
[WhiteTeamCountry "POL"]
[BlackTeamCountry "POL"]

1. c4 Nf6 2. Nc3 c6 3. e4 d6 4. d4 g6 5. h3 Bg7 6. Nf3 0-0 7. Bg5 h6 8. Be3 a6 9. Qd2 Kh7 10. a4 a5 11. Bd3 Na6 12. Rd1 Nd7 13. Bb1 e5 14. d5 c5 15. g4 Nb4 16. Ke2 Rh8 17. Rdg1 Kg8 18. Kd1 Qe7 19. b3 Kf8 20. Nb5 b6 21. h4 Ba6 22. Nc7 Ra7 23. Nxa6 Rxa6 24. Bd3 Nxd3 25. Qxd3 Ra8 26. Qd2 Ke8 27. Ne1 Kd8 28. Nd3 Kc7 29. f3 Raf8 30. h5 g5 1/2-1/2

[Event "Przelazy op"]
[Site "Przelazy"]
[Date "2008.03.19"]
[Round "9"]
[White "Swiderski, Marek"]
[Black "Oliwa, Marek"]
[Result "0-1"]
[WhiteElo "1960"]
[BlackElo "2414"]
[PlyCount "64"]
[EventDate "2008.03.14"]
[EventType "swiss"]
[EventRounds "9"]
[EventCountry "POL"]
[SourceTitle "EXT 2010"]
[Source "ChessBase"]
[SourceDate "2010.11.25"]
[SourceVersion "1"]
[SourceVersionDate "2010.11.25"]
[SourceQuality "1"]

1. e4 Nf6 2. Nc3 d6 3. d4 c6 4. Nf3 Bg4 5. Be2 e6 6. h3 Bh5 7. 0-0 d5 8. exd5 Bxf3 9. Bxf3 cxd5 10. Bg5 Be7 11. Ne2 Nc6 12. c3 0-0 13. Nc1 Na5 14. Nd3 Nc4 15. Qc2 Rc8 16. Ne5 Nxe5 17. dxe5 Nd7 18. Bxe7 Qxe7 19. Rfe1 Qc5 20. Qd2 Rfd8 21. Rac1 b5 22. g3 Nb6 23. Be2 a6 24. Bf1 h6 25. h4 Nc4 26. Bxc4 dxc4 27. Qe2 Rd3 28. Rcd1 Rcd8 29. Rxd3 Rxd3 30. Rd1 Qd5 31. Rxd3 cxd3 32. Qd2 Qf3 0-1

[Event "Przelazy op"]
[Site "Przelazy"]
[Date "2008.03.14"]
[Round "1"]
[White "Pietruszewski, Marcin"]
[Black "Oliwa, Marek"]
[Result "0-1"]
[WhiteElo "1886"]
[BlackElo "2414"]
[PlyCount "102"]
[EventDate "2008.03.14"]
[EventType "swiss"]
[EventRounds "9"]
[EventCountry "POL"]
[SourceTitle "EXT 2010"]
[Source "ChessBase"]
[SourceDate "2010.11.25"]
[SourceVersion "1"]
[SourceVersionDate "2010.11.25"]
[SourceQuality "1"]

1. e4 Nf6 2. e5 Nd5 3. d4 d6 4. c4 Nb6 5. exd6 cxd6 6. Nc3 g6 7. Nf3 Bg7 8. Be3 0-0 9. Be2 Nc6 10. 0-0 Bg4 11. b3 d5 12. c5 Nc8 13. h3 Bxf3 14. Bxf3 e6 15. Qd2 N8e7 16. Rad1 Nf5 17. Ne2 Nxe3 18. fxe3 Bf6 19. Qc3 Ne7 20. Rd3 Rc8 21. b4 a6 22. a4 Bg7 23. Qb3 Qd7 24. Nc3 Nf5 25. Re1 h5 26. a5 Rfd8 27. Qa4 Qc7 28. Qb3 Qg3 29. Qd1 Qh4 30. Na2 Rc7 31. Qd2 Rcd7 32. Qf2 Qg5 33. Nc3 Qh6 34. g3 e5 35. g4 Qg5 36. e4 Nxd4 37. Nxd5 f5 38. Qg2 hxg4 39. hxg4 Rxd5 40. exd5 e4 41. Bxe4 fxe4 42. Qxe4 Qxd5 43. Qxd5+ Rxd5 44. Kf2 Kf7 45. Rde3 Nc6 46. Re4 g5 47. Ke2 Re5 48. Kd3 Rxe4 49. Rxe4 Ne5+ 50. Ke3 Bf6 51. Rd4 Be7 0-1

[Event "Guben op 11th"]
[Site "Guben"]
[Date "2008.01.07"]
[Round "8"]
[White "Oliwa, Marek"]
[Black "Rabiega, Robert"]
[Result "0-1"]
[WhiteElo "2407"]
[BlackElo "2548"]
[PlyCount "64"]
[EventDate "2008.01.02"]
[EventType "swiss"]
[EventRounds "9"]
[EventCountry "GER"]
[SourceTitle "CBM 122 Extra"]
[Source "ChessBase"]
[SourceDate "2008.03.04"]
[SourceVersion "1"]
[SourceVersionDate "2008.03.04"]
[SourceQuality "1"]

1. d4 d5 2. Nf3 Nc6 3. g3 Bg4 4. Bg2 Qd7 5. c4 e6 6. cxd5 exd5 7. Nc3 Bb4 8. 0-0 Nge7 9. Qb3 a5 10. Rd1 0-0 11. Bg5 f6 12. Bf4 Kh8 13. a3 Bxc3 14. Qxc3 Ng6 15. Be3 a4 16. Re1 Nce7 17. Rac1 c6 18. Nd2 Bh3 19. Bh1 Nc8 20. f3 Nd6 21. Bf2 f5 22. e3 Rfe8 23. Qb4 b5 24. Qc3 Nc4 25. e4 fxe4 26. fxe4 Rf8 27. Nxc4 bxc4 28. exd5 cxd5 29. Re2 Bf5 30. Be3 Rab8 31. Rf2 Rb3 32. Qe1 h6 0-1

[Event "Lubawka op 2nd"]
[Site "Lubawka"]
[Date "2007.07.09"]
[Round "6"]
[White "Oliwa, Marek"]
[Black "Jagodzinski, Piotr"]
[Result "1-0"]
[WhiteElo "2393"]
[BlackElo "2120"]
[PlyCount "47"]
[EventDate "2007.07.07"]
[EventType "swiss"]
[EventRounds "9"]
[EventCountry "POL"]
[SourceTitle "CBM 119 Extra"]
[Source "ChessBase"]
[SourceDate "2007.09.04"]
[SourceVersion "1"]
[SourceVersionDate "2007.09.04"]
[SourceQuality "1"]

1. d4 d5 2. c4 e6 3. Nf3 Nf6 4. Nc3 c6 5. e3 Be7 6. Qc2 0-0 7. b3 Nbd7 8. Bb2 Re8 9. Be2 Bd6 10. 0-0 dxc4 11. bxc4 e5 12. Rfe1 exd4 13. exd4 Nf8 14. Bd3 Rxe1+ 15. Rxe1 Bc7 16. Ne4 Nxe4 17. Bxe4 Bg4 18. d5 cxd5 19. Bxd5 Bxf3 20. Qc3 Qg5 21. Qxf3 Qf4 22. Qxf4 Bxf4 23. Re7 Bh6 24. Rxf7 1-0

[Event "Lubawka op 2nd"]
[Site "Lubawka"]
[Date "2007.07.08"]
[Round "3"]
[White "Oliwa, Marek"]
[Black "Polishchuk, Oleg"]
[Result "1-0"]
[WhiteElo "2393"]
[BlackElo "2248"]
[PlyCount "119"]
[EventDate "2007.07.07"]
[EventType "swiss"]
[EventRounds "9"]
[EventCountry "POL"]
[SourceTitle "CBM 119 Extra"]
[Source "ChessBase"]
[SourceDate "2007.09.04"]
[SourceVersion "1"]
[SourceVersionDate "2007.09.04"]
[SourceQuality "1"]

1. d4 d5 2. Nf3 c6 3. c4 Bf5 4. Nc3 e6 5. Qb3 Qb6 6. c5 Qc7 7. Bf4 Qc8 8. e3 Nf6 9. h3 h6 10. Be2 Nbd7 11. 0-0 Be7 12. Rfc1 0-0 13. Qd1 Bd8 14. b4 Bc7 15. Bxc7 Qxc7 16. a4 Ne4 17. b5 g5 18. a5 Nxc3 19. Rxc3 Rfc8 20. Rb3 g4 21. hxg4 Bxg4 22. a6 b6 23. bxc6 Qxc6 24. Bb5 Qc7 25. Bxd7 Qxd7 26. cxb6 axb6 27. Rxb6 Qc7 28. Rb7 Qc6 29. Ne5 Bxd1 30. Nxc6 Rxc6 31. a7 Kg7 32. Rb8 Rxa7 33. Rxa7 Rc1 34. Kh2 Bh5 35. Rb2 Bg6 36. Kg3 Kf6 37. Kf4 h5 38. Rab7 Rg1 39. f3 Re1 40. Rd2 Bf5 41. Rbb2 Bg6 42. Re2 Rd1 43. Rbd2 Rf1 44. Kg3 Kg5 45. e4 h4+ 46. Kh2 Kf4 47. exd5 exd5 48. Re5 h3 49. Rxd5 hxg2 50. Kxg2 Rxf3 51. Rd7 Rg3+ 52. Kh2 Rg5 53. Re2 Kf3 54. Rb2 f5 55. Re7 f4 56. Re5 Bf5 57. Kh1 Rh5+ 58. Rh2 Rg5 59. d5 Rg3 60. Rxf5 1-0

[Event "Przelazy Cup op 7th"]
[Site "Przelazy"]
[Date "2007.04.13"]
[Round "4"]
[White "Marszalek, Maciej"]
[Black "Oliwa, Marek"]
[Result "1/2-1/2"]
[WhiteElo "2402"]
[BlackElo "2389"]
[PlyCount "81"]
[EventDate "2007.04.10"]
[EventType "swiss"]
[EventRounds "9"]
[EventCountry "POL"]
[SourceTitle "EXT 2011"]
[Source "ChessBase"]
[SourceDate "2010.11.26"]
[SourceVersion "1"]
[SourceVersionDate "2010.11.26"]
[SourceQuality "1"]

1. d4 d5 2. Nf3 c6 3. c4 Nf6 4. Qb3 dxc4 5. Qxc4 Bf5 6. g3 e6 7. Bg2 Nbd7 8. 0-0 Be7 9. Bg5 0-0 10. Nbd2 Ne4 11. Bxe7 Qxe7 12. Rfd1 Nxd2 13. Rxd2 Be4 14. Qb3 Nf6 15. Ne5 Bxg2 16. Kxg2 Rfd8 17. Rad1 a5 18. a3 Ne4 19. Rd3 Nd6 20. Qc2 f6 21. Nf3 a4 22. Rc3 Qf7 23. e4 Qg6 24. Re3 Ra5 25. Nh4 Qf7 26. Rc3 Rd7 27. Qe2 Ra8 28. Nf3 Qg6 29. Re3 Qe8 30. Qc2 Qd8 31. Re2 Nf7 32. Red2 Qa5 33. Rd3 Rad8 34. Rc3 e5 35. Rcd3 exd4 36. Rxd4 Rxd4 37. Rxd4 Rxd4 38. Nxd4 Qe5 39. Nf3 Qb5 40. Qd2 g6 41. Qc2 1/2-1/2

[Event "Przelazy Cup op 7th"]
[Site "Przelazy"]
[Date "2007.04.13"]
[Round "5"]
[White "Oliwa, Marek"]
[Black "Lipski, Tadeusz"]
[Result "1-0"]
[WhiteElo "2389"]
[BlackElo "2117"]
[PlyCount "73"]
[EventDate "2007.04.10"]
[EventType "swiss"]
[EventRounds "9"]
[EventCountry "POL"]
[SourceTitle "EXT 2011"]
[Source "ChessBase"]
[SourceDate "2010.11.26"]
[SourceVersion "1"]
[SourceVersionDate "2010.11.26"]
[SourceQuality "1"]

1. d4 Nf6 2. Nf3 c5 3. d5 e6 4. c4 b5 5. Bg5 bxc4 6. Nc3 d6 7. e4 e5 8. Nd2 Be7 9. Nxc4 0-0 10. Be2 Ba6 11. Bd2 Nbd7 12. 0-0 Bxc4 13. Bxc4 Nb6 14. Bb5 Nfd7 15. Bc6 Rc8 16. Nb5 a6 17. Na3 Nb8 18. Ba5 Rxc6 19. dxc6 Nxc6 20. Nc4 Nxa5 21. Nxa5 Qa8 22. Qd3 g6 23. Rac1 Kg7 24. b4 Rd8 25. bxc5 dxc5 26. Qb3 Rb8 27. Qa3 f6 28. Rfe1 Rc8 29. Qb3 Qb8 30. Rb1 Bd8 31. Qe6 Qc7 32. Nc4 Nxc4 33. Qxc4 a5 34. Red1 h5 35. Qe6 Rb8 36. Rxb8 Qxb8 37. Qd7+ 1-0

[Event "Przelazy Cup op 7th"]
[Site "Przelazy"]
[Date "2007.04.10"]
[Round "1"]
[White "Oliwa, Marek"]
[Black "Wojciechowski, Beniamin"]
[Result "1-0"]
[WhiteElo "2389"]
[BlackElo "1882"]
[PlyCount "57"]
[EventDate "2007.04.10"]
[EventType "swiss"]
[EventRounds "9"]
[EventCountry "POL"]
[SourceTitle "EXT 2011"]
[Source "ChessBase"]
[SourceDate "2010.11.26"]
[SourceVersion "1"]
[SourceVersionDate "2010.11.26"]
[SourceQuality "1"]

1. d4 d5 2. Nf3 Nf6 3. c4 c6 4. Nc3 e6 5. e3 Nbd7 6. Qc2 Bd6 7. Bd2 0-0 8. 0-0-0 Qe7 9. Bd3 dxc4 10. Bxc4 b5 11. Bd3 a6 12. e4 e5 13. dxe5 Bxe5 14. Nxe5 Nxe5 15. Be2 Bb7 16. f4 Ned7 17. Bf3 Nb6 18. Kb1 Nc4 19. Bc1 Rfd8 20. e5 Ne8 21. Be4 g6 22. Bd3 Nb6 23. Ne4 Nd5 24. a3 Ra7 25. h4 Bc8 26. h5 Rc7 27. hxg6 fxg6 28. Ng5 Qf8 29. Rh4 1-0

[Event "Zielona Gora op"]
[Site "Zielona Gora"]
[Date "2006.09.27"]
[Round "6"]
[White "Oliwa, Marek"]
[Black "Gorzkiewicz, Lukasz"]
[Result "1-0"]
[WhiteElo "2408"]
[BlackElo "2032"]
[PlyCount "64"]
[EventDate "2006.??.??"]
[EventType "swiss"]
[EventRounds "9"]
[EventCountry "POL"]
[SourceTitle "EXT 2007"]
[Source "ChessBase"]
[SourceDate "2006.11.23"]
[SourceVersion "1"]
[SourceVersionDate "2006.11.23"]
[SourceQuality "1"]

1. d4 Nf6 2. Nf3 g6 3. Bg5 Ne4 4. Bh4 d5 5. Nbd2 Bg7 6. e3 c6 7. Nxe4 dxe4 8. Nd2 Qa5 9. c3 f5 10. Qb3 Na6 11. g4 Nc7 12. gxf5 gxf5 13. Rg1 Bf8 14. Be2 Be6 15. Qxb7 Qb6 16. Qxb6 axb6 17. c4 Bh6 18. a3 Kd7 19. 0-0-0 b5 20. Bg5 Bxg5 21. Rxg5 b4 22. axb4 Rhb8 23. b5 cxb5 24. d5 Bg8 25. Rxf5 bxc4 26. Nxc4 Ra1+ 27. Kc2 Rxd1 28. Bxd1 Bxd5 29. Be2 Be6 30. Rf4 Nd5 31. Rxe4 Bf5 32. Bg4 Rf8 1-0

[Event "Zielona Gora op"]
[Site "Zielona Gora"]
[Date "2006.09.24"]
[Round "3"]
[White "Kukla, Maciej"]
[Black "Oliwa, Marek"]
[Result "0-1"]
[WhiteElo "2096"]
[BlackElo "2408"]
[PlyCount "58"]
[EventDate "2006.??.??"]
[EventType "swiss"]
[EventRounds "9"]
[EventCountry "POL"]
[SourceTitle "EXT 2007"]
[Source "ChessBase"]
[SourceDate "2006.11.23"]
[SourceVersion "1"]
[SourceVersionDate "2006.11.23"]
[SourceQuality "1"]

1. e4 d6 2. d4 Nf6 3. Nc3 c6 4. f4 Qa5 5. Nf3 Nxe4 6. Bd2 Nxd2 7. Qxd2 Bg4 8. Be2 e6 9. 0-0 Be7 10. Rae1 0-0 11. h3 Bxf3 12. Rxf3 Bf6 13. g4 g6 14. Qe3 Nd7 15. Bd3 Qb4 16. Kg2 Bxd4 17. Qd2 Rae8 18. Ref1 d5 19. a3 Qd6 20. Ne2 Bh8 21. c3 e5 22. Ng3 Qc7 23. Bc2 e4 24. Re3 Bg7 25. Ne2 b5 26. Nd4 a6 27. b4 a5 28. Bb3 axb4 29. axb4 Nb6 0-1

[Event "Limhamn op"]
[Site "Limhamn"]
[Date "1998.??.??"]
[Round "?"]
[White "Johansson, Mikael"]
[Black "Oliwa, Marek"]
[Result "0-1"]
[WhiteElo "2305"]
[BlackElo "2370"]
[PlyCount "108"]
[EventDate "1998.??.??"]
[EventType "swiss"]
[EventRounds "7"]
[EventCountry "SWE"]
[SourceTitle "EXT 1999"]
[Source "ChessBase"]
[SourceDate "1998.11.16"]
[SourceVersion "1"]
[SourceVersionDate "1998.11.16"]
[SourceQuality "1"]

1. d4 Nf6 2. c4 c5 3. d5 d6 4. Nc3 g6 5. Nf3 Bg7 6. e4 0-0 7. Be2 e6 8. 0-0 Re8 9. Bg5 h6 10. Bh4 exd5 11. exd5 Bg4 12. Re1 Nbd7 13. Nd2 Bxe2 14. Rxe2 Rxe2 15. Qxe2 Qb6 16. Bxf6 Bxf6 17. Nde4 Re8 18. Nxf6+ Nxf6 19. Qf3 Qxb2 20. Rf1 Kg7 21. h3 Qc2 22. Nb5 Ne4 23. Qf4 g5 24. Qf5 Qxc4 25. Qd7 Nf6 26. Qxb7 Qxd5 27. Qxd5 Nxd5 28. Rd1 Nf4 29. Rxd6 Re1+ 30. Kh2 Re2 31. Kg3 Rxa2 32. Rd7 c4 33. Rc7 c3 34. Nxc3 Rc2 35. Nb5 Rxc7 36. Nxc7 a5 37. h4 a4 38. Nb5 Kf6 39. hxg5+ hxg5 40. Kf3 Ke5 41. g3 Nd5 42. Ke2 f5 43. Kd3 g4 44. Na3 Nb4+ 45. Ke3 Nd5+ 46. Kd3 Nb6 47. Nc2 Nd7 48. Ne3 Nc5+ 49. Kc4 Ne4 50. Nd1 a3 51. Kb3 Kd4 52. Ne3 Nd6 53. Ng2 Kd3 54. Nf4+ Ke4 0-1

[Event "POL-chT 53rd"]
[Site "Krynica"]
[Date "1997.10.05"]
[Round "11"]
[White "Grabarczyk, Miroslaw"]
[Black "Oliwa, Marek"]
[Result "1-0"]
[WhiteElo "2480"]
[BlackElo "2375"]
[PlyCount "91"]
[EventDate "1997.09.25"]
[EventType "team-tourn"]
[EventRounds "11"]
[EventCountry "POL"]
[SourceTitle "EXT 2019"]
[Source "ChessBase"]
[SourceDate "2018.10.10"]
[SourceVersion "1"]
[SourceVersionDate "2018.10.10"]
[SourceQuality "1"]
[WhiteTeam "Niedobczyce Rymer"]
[BlackTeam "Jasien LKS ZPD"]
[WhiteTeamCountry "POL"]
[BlackTeamCountry "POL"]

1. d4 d5 2. c4 c6 3. Nf3 Nf6 4. Qc2 e6 5. g3 Nbd7 6. Bg2 Ne4 7. 0-0 Bd6 8. Nbd2 f5 9. Rb1 0-0 10. b4 b5 11. c5 Bc7 12. Nb3 f4 13. Nbd2 Nxd2 14. Bxd2 e5 15. dxe5 Nxe5 16. Nd4 fxg3 17. fxg3 Bd7 18. e4 dxe4 19. Qxe4 Re8 20. Bc3 a5 21. a3 axb4 22. axb4 Ra3 23. Qc2 Ra6 24. Rbe1 Nc4 25. Qf2 Rf8 26. Qxf8+ Qxf8 27. Rxf8+ Kxf8 28. Ne6+ Bxe6 29. Rxe6 Ra3 30. Rxc6 Rxc3 31. Rxc7 Rc1+ 32. Kf2 Rc2+ 33. Kf3 Rb2 34. Rb7 Rxb4 35. c6 Nd6 36. Rd7 Ne8 37. Ke3 Rb2 38. Bd5 Nf6 39. c7 Rc2 40. Rd8+ Ke7 41. c8Q Rxc8 42. Rxc8 Nxd5+ 43. Kd4 Nf6 44. Rc7+ Kf8 45. Ke5 Ng4+ 46. Ke6 1-0

[Event "POL-chT 53rd"]
[Site "Krynica"]
[Date "1997.10.04"]
[Round "10"]
[White "Oliwa, Marek"]
[Black "Pieniazek, Artur"]
[Result "1/2-1/2"]
[WhiteElo "2375"]
[BlackElo "2415"]
[PlyCount "124"]
[EventDate "1997.09.25"]
[EventType "team-tourn"]
[EventRounds "11"]
[EventCountry "POL"]
[SourceTitle "EXT 2019"]
[Source "ChessBase"]
[SourceDate "2018.10.10"]
[SourceVersion "1"]
[SourceVersionDate "2018.10.10"]
[SourceQuality "1"]
[WhiteTeam "Jasien LKS ZPD"]
[BlackTeam "Glogow MOK Chrobry"]
[WhiteTeamCountry "POL"]
[BlackTeamCountry "POL"]

1. d4 Nf6 2. c4 e6 3. Nf3 b6 4. g3 Ba6 5. Qa4 Bb7 6. Bg2 c5 7. 0-0 cxd4 8. Nxd4 Bxg2 9. Kxg2 Qc8 10. Nc3 Qb7+ 11. f3 Be7 12. Rd1 a6 13. Bf4 0-0 14. e4 d6 15. Nde2 Rd8 16. Rd2 Nc6 17. Rad1 Ne8 18. b4 g5 19. Be3 Ne5 20. Rd4 Nxc4 21. Rxc4 b5 22. Qa5 bxc4 23. Bxg5 f6 24. Be3 d5 25. Bb6 Rd6 26. Bc5 dxe4 27. Nd4 exf3+ 28. Kf2 Rad8 29. Bxd6 Rxd6 30. Qc5 Qc7 31. Qxc7 Nxc7 32. Kxf3 Kf7 33. a3 f5 34. Nc2 Rxd1 35. Nxd1 Nd5 36. Nde3 Nb6 37. g4 fxg4+ 38. Nxg4 Bd6 39. Ke4 h5 40. Ne5+ Kf6 41. Nf3 Nd5 42. Kd4 c3 43. Ke4 Bc7 44. Ncd4 Bb6 45. Kd3 e5 46. Ne2 Kf5 47. Nxc3 Nxc3 48. Kxc3 Kf4 49. Nd2 e4 50. Nc4 Bg1 51. h3 Kg3 52. Kd2 h4 53. Nd6 Kf3 54. Nf5 Bf2 55. Kd1 Kf4 56. Ke2 e3 57. Nd6 Kg3 58. Ne4+ Kxh3 59. Nxf2+ exf2 60. Kxf2 Kg4 61. a4 Kf4 62. b5 axb5 1/2-1/2